| 000 | 00576pam a2200193 4500 | ||
|---|---|---|---|
| 001 | 1968 | ||
| 003 | OCoLC | ||
| 005 | 20181127164318.0 | ||
| 008 | 911121s1992 nyub 000 0 eng | ||
| 010 | _a91039687 | ||
| 020 | _a0399137262 (acid-free paper) | ||
| 043 | _apo----- | ||
| 100 | 1 | _aTheroux, Paul. | |
| 245 | 1 | 4 |
_aThe happy isles of Oceania : _bpaddling the Pacific / _cPaul Theroux. |
| 260 |
_aNew York : _bG.P. Putnam's Sons, _cc1992. |
||
| 300 |
_a528 p. : _bmaps ; _c25 cm. |
||
| 600 | 1 | 0 |
_aTheroux, Paul _xJourneys _zPolynesia. |
| 651 | 0 |
_aOceania _xDescription and travel. |
|
| 999 |
_c1521 _d1521 |
||